Les modes de jeu dans Brawl Stars - Statistiques

Statistiques générales
  • Ce quiz a été pris 103 fois
  • Le résultat moyen est 11 sur 25
Statistiques - réponses
Mode de jeu % Correct
survivant solo
90%
brawl ball
89%
survivant duo
89%
survivant trio
86%
hors-jeu
83%
prime
80%
razzia de gemmes
79%
braquage
71%
basket brawl
54%
hockey brawl
51%
zone réservée
50%
duel
43%
chasse ouverte
40%
volley brawl
37%
brawl arena
33%
brawl ball 5v5
26%
hors-jeu 5v5
26%
razzia de gemmes 5v5
26%
chasse ouverte 5v5
16%
hockey brawl 5v5
11%
vol de trophées
6%
voleurs d'âmes
4%
guerre des esprits
3%
course aux jetons
0%
dodgeball
0%
Aucun quiz correspondant
Distribution des résultats
% des personnes avec chaque résultat
Percentile par nombre de réponses
Votre historique - résultats
Vous n’avez pas pris ce quiz